Определение теплопроводности стали и алюминия в магнитном поле; Изотопы: технологии, материалы и применение

Dades bibliogràfiques
Parent link:Изотопы: технологии, материалы и применение.— 2014.— [С. 95-96]
Autor principal: Годовых А. В. Алексей Валерьевич
Autor corporatiu: Национальный исследовательский Томский политехнический университет
Altres autors: Чернозем Р. В. (научный руководитель), Ушаков И. А. Иван Алексеевич, Мышкин В. Ф. Вячеслав Фёдорович
Sumari:Заглавие с титульного экрана
Idioma:rus
Publicat: 2014
Col·lecció:Применение изотопов в фундаментальных, прикладных физико-химических исследованиях и медицине. Получение изотопно-модифицированных материалов
Matèries:
Accés en línia:http://earchive.tpu.ru/handle/11683/69746
http://www.lib.tpu.ru/fulltext/c/2014/C84/044.pdf
Format: Electrònic Capítol de llibre
KOHA link:https://koha.lib.tpu.ru/cgi-bin/koha/opac-detail.pl?biblionumber=609687

MARC

LEADER 00000naa2a2200000 4500
001 609687
005 20260325132951.0
035 |a (RuTPU)RU\TPU\conf\7199 
035 |a RU\TPU\conf\7193 
090 |a 609687 
100 |a 20141126d2014 k y0rusy50 ca 
101 0 |a rus 
102 |a RU 
135 |a drgn ---uucaa 
181 0 |a i  
182 0 |a b 
200 1 |a Определение теплопроводности стали и алюминия в магнитном поле  |f А. В. Годовых, Р. В. Чернозем, И. А. Ушаков  |g науч. рук. В. Ф. Мышкин 
203 |a Текст  |c электронный 
225 1 |a Применение изотопов в фундаментальных, прикладных физико-химических исследованиях и медицине. Получение изотопно-модифицированных материалов 
300 |a Заглавие с титульного экрана 
320 |a [Библиогр.: с. 96 (1 назв.)] 
337 |a Adobe Reader 
463 0 |0 (RuTPU)RU\TPU\conf\6940  |t Изотопы: технологии, материалы и применение  |o материалы Международной научной конференции молодых ученых, аспирантов и студентов, г. Томск, 20-24 октября 2014 г.  |f Национальный исследовательский Томский политехнический университет (ТПУ)  |v [С. 95-96]  |d 2014 
610 1 |a труды учёных ТПУ 
610 1 |a электронный ресурс 
610 1 |a теплопроводность 
610 1 |a стали 
610 1 |a алюминий 
610 1 |a магнитные поля 
610 1 |a тепловые эффекты 
610 1 |a микроэлектронные устройства 
700 1 |a Годовых  |b А. В.  |c физик  |c старший преподаватель Томского политехнического университета  |f 1983-  |g Алексей Валерьевич  |3 (RuTPU)RU\TPU\pers\25483 
701 1 |a Чернозем  |b Р. В. 
701 1 |a Ушаков  |b И. А.  |c физик  |c инженер Томского политехнического университета  |f 1991-  |g Иван Алексеевич  |3 (RuTPU)RU\TPU\pers\34915 
702 1 |a Мышкин  |b В. Ф.  |c физик  |c профессор Томского политехнического университета, доктор физико-математических наук  |f 1962-  |g Вячеслав Фёдорович  |4 727 
712 0 2 |a Национальный исследовательский Томский политехнический университет  |c (2009- )  |9 26305 
801 2 |a RU  |b 63413507  |c 20141124  |g RCR 
801 2 |a RU  |b 63413507  |c 20220221  |g RCR 
850 |a 63413507 
856 4 |u http://earchive.tpu.ru/handle/11683/69746 
856 4 |u http://www.lib.tpu.ru/fulltext/c/2014/C84/044.pdf 
942 |c BK